II informe regional sobre los impactos del DR-CAFTA en Centroamérica y República Dominicana /
Guardat en:
| Autor corporatiu: | |
|---|---|
| Format: | Desconegut |
| Publicat: |
Sin lugar:
Sin editorial
|
| Matèries: | |
| Etiquetes: |
Afegir etiqueta
Sense etiquetes, Sigues el primer a etiquetar aquest registre!
|
MARC
| LEADER | 00000 a2200000 04500 | ||
|---|---|---|---|
| 001 | 45620 | ||
| 003 | |||
| 008 | 991231s d | ||
| 040 | |a CRAI/IIS |c CRAI/IIS | ||
| 020 | |a [sin ISBN] | ||
| 022 | |a [sin ISBN] | ||
| 090 | |a 09.05.01 R312i | ||
| 110 | |a RED REGIONAL DE MONITOREO DR-CAFTA | ||
| 245 | |a II informe regional sobre los impactos del DR-CAFTA en Centroamérica y República Dominicana / |c RED REGIONAL DE MONITOREO DR-CAFTA | ||
| 260 | |a Sin lugar: |b Sin editorial | ||
| 650 | |a AGRICULTURA | ||
| 650 | |a EMPLEO | ||
| 650 | |a PROPIEDAD INTELECTUAL | ||
| 650 | |a REPUBLICA DOMINICANA | ||
| 999 | |c 18311 |d 18311 | ||
